[Event "Corus-6-kamp"]
[Site "?"]
[Date "2009.01.21"]
[Round "3"]
[White "Nederkoorn, Cees"]
[Black "Witt, Rob"]
[Result "0-1"]
[WhiteElo "2120"]
[BlackElo "2249"]
[Annotator "Witt"]
[PlyCount "64"]
[EventDate "2009.??.??"]

{Ik had me voor de 3e keer in successie ingeschreven voor de dag -4-kampen van
Corus. De vorige keren was ik gedeeld eerste geworden in groep 1 dus ik
verheugde mij nu ook weer op een sterke 4-kamp met een Rus, een Engelsman en
Harold van Dijk. Helaas zat het openbaar vervoer zwaar tegen. De tram, de
trein en de bus zorgden voor een uur wachttijd, zodat ik pas aankwam toen de
inschrijving gesloten was. Mijn plaats in groep 1 was al vergeven aan Mark van
Ojik van De Eenhoorn en het was sowieso de vraag of ik nog kon meedoen, maar
de organisatie zou haar best toen. Na een half uur wachten kwam ik
uiteindelijk terecht in een 6-kamp (3 ronden Zwitsers) die eerst 2C heette en
vanaf de tweede ronde groep 2Z. Zo te zien was de sterke jeugdspeler Hilke van
den Berg van VAS mijn enige concurrent. Ik begon echter met een moeizame
remise tegen Cor de Zwart, één van mijn tegenstanders uit het Rotterdams
jeugdkampioenschap van 1969! In de tweede ronde won ik van een Duitser,
terwijl Hilke van den Berg verrassend en hardhandig verloor van Cees
Nederkoorn, een speler die ik bij mijn debuut in de hoofdklasse in 1970
ontmoet had. In de derde ronde dus de beslissende partij om de groepszege.
Helaas (of gelukkig?) werd het niet echt spannend.} 1. e4 e6 2. d4 d5 3. e5 c5
4. c3 Qb6 {Een kleine zetverwisseling. Meestal speel ik eerst Pc6 en dan pas
Db6 (of Ld7). Na afloop bleek dat ik mijn tegenstander hiermee uit zijn
voorbereiding had gehaald.} ({Op} 4... Nc6 {was hij van plan} 5. Be3 Qb6 6. Qd2
{Een favoriet systeem van Kupreitschik waarmee deze volgens mijn database 13
van zijn 16 partijen heeft gewonnen.}) 5. Nf3 Nc6 6. a3 Nh6 7. b4 cxd4 8. cxd4
Nf5 9. Bb2 {1.53'} Be7 {1.55' Altijd een lastige keus voor mij. Ik speel ook 9.
...Ld7 wat tot een geheel ander speltype leidt.} 10. Be2 {Minder bekend dan 10.
h4 of 10.Ld3. Short gelooft kennelijk in deze zet, want hij heeft het diverse
keren gespeeld waaronder twee maal in 2007.} O-O ({Een geheel andere opbouw is
} 10... Bd7 11. O-O h5 12. Qd2 g5 13. Rd1 g4 {Arbakov - Dolmatov, Elista 2001 
(42.1-0)}) 11. O-O a5 {1.49'} 12. b5 a4 13. Bc3 $6 {1.44' Dit zal het niet
zijn.} (13. Kh1 Na5 14. Nc3 Nc4 15. Bxc4 dxc4 {Psakhis noemt deze stelling
"complicated and unclear".} 16. Qd2 Bd7 17. Rab1 Qa5 18. d5 exd5 19. Qxd5 Be6
20. Qxb7 Rfb8 21. Qe4 Bxa3 22. Ba1 Bf8 $2 {Short - Bareev, Geneve 1996 (35.1-0)
} (22... h6 $13)) (13. Ra2) (13. g4) 13... Na5 {1.47' Gek genoeg een nieuwe
zet.} (13... Na7 $6 14. Qxa4 Bd7 15. Qb3 f6 16. a4 Nc6 17. Qd1 Na5 18. Bd3 $14
{Abzalov - Azizbekian, Dagomys 2004 (28.1-0)}) 14. Nbd2 Bd7 15. Qxa4 $2 {1.40'}
({Noodzakelijk was} 15. Rb1 {bijv.} Rfc8 16. Bb4 Qd8 {met onduidelijke
stelling.}) 15... Nc6 $1 {1.36'} ({Sterker dan} 15... Rfc8) 16. Qb3 Ncxd4 17.
Nxd4 Nxd4 18. Bxd4 Qxd4 19. Nf3 Qa4 $17 {Ik was hier zeer tevreden. Wit heeft
zwakke pionnen en geen aanvalskansen.} 20. Qd3 {1.35' Dameruil lijkt ook
hopeloos voor wit.} Rfc8 {1.26'} 21. Rfb1 {1.28' Wit wil Ld1 en a4 spelen.} Rc5
{1.17'} 22. h4 $6 {1.26' Hoopt ooit iets met Pg5 te kunnen doen, maar in feite
is dit een verzwakking.} Rac8 {Dreigt Tc5-c3xa3.} ({Ik had geen zin in} 22...
Bxh4 23. Rb4 Qxb4 24. axb4 Rxa1+ 25. Kh2 Rc4 26. Qe3 $13) 23. Rb3 $6 {1.10' Na
lang nadenken.} ({Mijn tegenstander zag af van} 23. Bd1 {wegens} Bxb5 {wat
inderdaad mijn bedoeling was. De computer geeft echter allerlei damezetten als
sterker aan. Zwart hoeft niet perse een pion te winnen, hij beheerst toch al
het hele bord.} (23... Qe4 $5) (23... Qa5 $5) 24. Bxa4 Bxd3 25. Rxb7 R5c7 26.
Rxc7 Rxc7 27. Bd1 Kf8 $17) (23. Ng5 $2 Qxh4) 23... Rc1+ {1.15'} 24. Rxc1 Rxc1+
25. Kh2 Bc5 {1.12'} 26. Kg3 $6 {1.08' Er waren betere zetten, maar wit staat
dan ook verloren.} Rc4 {1.00'} ({Mijn andere kandidaatzet was} 26... Qa7 $19) (
{Het sterkste was echter} 26... f5 $1 {een zet die ik in het geheel niet
overwogen heb. Wit kan niet slaan wegens mat in enkele zetten. En iets anders
zal wit ook niet redden.}) 27. Bd1 {1.07'} Qa7 {47' Dit leek me het simpelste.
Harder was} (27... Bxb5 28. Qb1 {Dit leek me nog nodeloos ingewikkeld, maar
dat valt mee na bijv} Rg4+ 29. Kh2 (29. Kh3 Qf4 $1 $19 {gevolgd door Lf1 of
Lf2.}) 29... Bxf2 30. Qc1 Rc4 31. Qg5 Rc8 $19) 28. Qe2 {1.03'} ({Beter was} 28.
Rb2 {maar na} Qxa3 {wint zwart makkelijk.}) 28... Bxa3 $6 {41'} ({Ik overzie
hier} 28... Bxf2+ $1 {want} 29. Qxf2 {faalt op} Rg4+) 29. b6 ({Relatief het
beste was} 29. Qa2 Bc5 30. Qxa7 Bxa7 31. Ra3 Bb6 {met gewonnen eindspel.})
29... Qa5 30. Nd2 {58'} Rc3+ {38'} 31. f3 Rxb3 32. Nxb3 Qxb6 {En mijn
tegenstander feliciteerde me. Rest mij nog mijn clubgenoten Sander Janknegt en
Dick van Dam te feliciteren die met 21/2-3 hun groep wonnen.} 0-1

[Event "Euwe intern 2008-2009"]
[Site "?"]
[Date "2009.01.29"]
[Round "2.3"]
[White "Witt, Rob"]
[Black "Van den Brekel, Hubrecht"]
[Result "1-0"]
[WhiteElo "2249"]
[BlackElo "2004"]
[Annotator "Witt"]
[PlyCount "83"]
[EventDate "2009.??.??"]

{40/1.25} 1. d4 Nf6 2. c4 c5 3. d5 e6 4. Nc3 exd5 5. cxd5 d6 6. Nf3 a6 {
Die enkele keer dat ik tegen de Benoni speel pak ik het aan met het ouderwetse
Lf4 en Da4+. Met zijn laatste zet vermijdt Hubrecht deze opzet.} 7. a4 g6 8.
Nd2 {1.22} Nbd7 {1.20} 9. Nc4 ({Veel gebruikelijker is} 9. e4 Bg7 10. Be2 O-O
11. O-O Re8 {en nu wordt zowel Dc2 als f4 gespeeld. Een recent voorbeeld is}
12. f4 c4 13. Kh1 Nc5 14. e5 dxe5 15. fxe5 Rxe5 16. Nxc4 Re8 17. Bg5 Bf5 18. d6
h6 19. Bh4 Kh7 20. a5 Rc8 21. d7 Qxd7 22. Nd6 Bc2 23. Nxe8 Bxd1 24. Nxf6+ Bxf6
25. Raxd1 Bd4 26. Bc4 Bxc3 27. bxc3 Qa4 28. Rxf7+ Kg8 29. Rc7+ Qxc4 30. Rxc8+
Kf7 31. Rc7+ Ke6 32. Re1+ Kf5 {1-0 Atalik - Jobava, Kallithea 2008}) 9... Nb6
10. Na3 Bd7 {1.16 Om na een eventueel a5 met het paard naar c8 te kunnen en in
de toekonst via a7 naar b5 en d4.} 11. g3 $2 {1.13 Dit wordt nooit gespeeld in
deze stelling en de computers geven aan waarom.} (11. e4) 11... Bg7 ({Zwart
had gebruik kunnen maken van wits vorige zet met} 11... Nfxd5 $1 12. Nxd5 Nxd5
13. Qxd5 ({Relatief beter zou zijn} 13. Bg2 Nb4 14. Bxb7 Ra7 15. Bg2 Be6 {
maar zwart staat iets beter.}) 13... Bc6 14. Qb3 Bxh1 15. f3 {Zowel Rybka als
Fritz vinden dit goed voor zwart, maar helemaal duidelijk is het m.i. toch
niet. Als zwart de b-pion dekt haalt wit met Kf2-g1 de zwarte loper op. Daarom
gaan de computers verder met} h5 {en nu misschien} 16. Bh3 $5 h4 17. g4 Bg7 18.
Be3 O-O 19. Kf2 Bxf3 20. exf3 $15) 12. Bg2 O-O 13. O-O Re8 {1.10 Na wat
onregelmatigheden hebben we via zetverwisseling weer een bekende stelling
bereikt.} 14. h3 {1.10 Ik wilde de manoeuvre Pg4-e5 eruit halen, maar
misschien heeft wit betere zetten.} Rb8 {1.07} 15. a5 {59'} (15. e4) 15... Nc8
16. Nc4 Bb5 17. Qb3 {56'} Qd7 {1.01} ({Vaker gespeeld wordt} 17... Bxc4 {bijv.}
18. Qxc4 Nd7 19. Ra3 Qe7 20. e4 Ne5 21. Qe2 c4 22. Be3 Nd3 23. b3 Bxc3 24. bxc4
Nxf2 25. Qxf2 Be5 26. h4 Qc7 27. h5 f6 28. Bd4 Qxc4 29. Bxe5 Rxe5 30. Qxf6 Qc5+
31. Rf2 Ne7 32. h6 Qc1+ 33. Bf1 Qxh6 34. Qxd6 {1-0 Movsziszian - Cheparinov,
Mondariz 2002}) 18. Re1 b6 {59'} 19. axb6 Nxb6 20. Na5 {54'} Na8 {50'} 21. Qc2
{50'} Nc7 {41'} 22. Bd2 {Wit moet hier iets beter staan.} Qc8 {38' Hubrecht
wil de loper terughalen naar d7 en met het paard naar b5 en eventueel naar d4
springen.} 23. Kh2 {43' De eerste nieuwe zet. Bekend was nog} (23. Bf4 Rb6 24.
Rac1 Bd7 $2 (24... Nh5) 25. Nc4 Qb8 26. Nxb6 Qxb6 27. Na4 Qb4 28. Nxc5 {
1-0 Reefschlaeger,H-Lindoerfer,K/Bad Pyrmont 1976/EXT 2001}) 23... Bd7 $2 {
36' De zelfde fout als in bovengenoemde partij. Zwart is gefixeerd op de
mogelijkheid Pa5-c6 en vergeet dat het paard ook weer terug kan naar c4.} ({
Na afloop keken we naar} 23... Bf8 {We kwamen niet tot een duidelijke
conclusie. Naar nu denk ik dat wit iets beter staat na} 24. e4 ({en ook na} 24.
Nc6 Rb6 (24... Bxc6 25. dxc6 Ne6 26. Be3 $14) 25. e4 Nd7 26. Nxb5 Nxb5 27. Ba5
Rb7 28. Bc3 $14) 24... Bd7 25. Nc4 Nb5 26. Bf4 $14 {Van wege de zwaktes op a6
en d6.}) 24. Nc4 $16 Bf8 {33'} 25. Bf4 {42'} Qd8 $6 {32'} ({Taaier was} 25...
Rd8 26. Bxd6 ({Sterker is} 26. Bg5 Nce8 27. e4 $16) 26... Bf5 27. e4 Bxd6 28.
exf5 Qxf5 29. Qxf5 gxf5 {en hoewel wit beter staat, is het veel minder
duidelijk dan in de partij.}) 26. Bxd6 {36'} ({Simpeler was misschien} 26. Nxd6
Bxd6 27. Bxd6 Bf5 28. Bxc7 Bxc2 29. Bxd8 Rexd8 30. Rxa6 Kg7 31. e4 $18) 26...
Bf5 $6 {25' De minste van de diverse mogelijkheden.} ({Relatief het beste
lijkt de suggestie van Rybka} 26... Bxd6 27. Nxd6 Re5 {en nu moet wit kiezen
uit diverse goede mogelijkheden.} 28. Red1 (28. Nc4) (28. Bf3) (28. e4)) 27.
Bxc7 Bxc2 28. Bxd8 Rexd8 {22'} 29. Rxa6 {31'} Bg7 {20'} 30. Rc6 {25'} (30. Rc1
$1 Bb3 31. Ne5 $18) 30... Nd7 $6 {18'} (30... Bb3 {bijv.} 31. Rxc5 (31. Ne3)
31... Nd7 32. Rc7 Bxc4 33. Rxc4 Rxb2 34. Na4 Rd2 35. f4 f5 36. Bf3 $18) 31. Rc1
{24'} Bb3 {16'} 32. Na5 {23'} Bh6 $6 {9'} 33. f4 {22'} Bf8 {8'} 34. e4 {21'}
Rb4 {7'} 35. h4 {19'} Ra8 {6'} 36. Nxb3 Rxb3 37. Rc2 {17'} Rab8 {4'} 38. e5 {
16'} Rxb2 39. Rxb2 Rxb2 40. d6 {15'} Rc2 {3'} 41. Nd5 c4 42. Ne3 {En Hubrecht
gaf op.} 1-0

[Event "Euwe intern 2008-2009"]
[Site "?"]
[Date "2009.02.12"]
[Round "2.5"]
[White "Salomons, Rik"]
[Black "Witt, Rob"]
[Result "1-0"]
[WhiteElo "2073"]
[BlackElo "2242"]
[Annotator "Witt"]
[PlyCount "121"]
[EventDate "2009.??.??"]

{Tempo 40z/1.25 + 10'} 1. d4 Nf6 2. c4 e6 3. Nf3 d5 4. g3 Be7 5. Bg2 O-O 6. Qc2
{Dit geeft zwart een extra mogelijkheid.} ({Gebruikelijker is eerst} 6. O-O
dxc4 {en dan pas} 7. Qc2) 6... dxc4 {Ik wilde met het Katalaans experimenteren.
Tot nu toe heb ik het altijd gesloten gespeeld met c6.} ({Ik had een goed
alternatief in} 6... c5 7. dxc5 Qa5+) 7. Qxc4 a6 8. O-O {Nu zitten we weer in
de hoofdvariant.} ({Kaparov speelde een paar keer} 8. Bf4 {bijv.} Nd5 9. Nc3 b5
$6 10. Qd3 Bb7 11. Nxd5 Bxd5 12. Rc1 Bb4+ 13. Kf1 Ra7 14. Ng5 f5 15. e4 $1 Be7
$2 16. exd5 Bxg5 17. dxe6 Bxf4 18. gxf4 c6 19. d5 Re7 20. Rd1 cxd5 21. Bxd5 Qb6
22. Qe3 Qd6 23. Kg2 a5 24. Rhe1 Kh8 25. Bf3 Qb4 26. Qe5 h6 27. Qd6 Qxd6 28.
Rxd6 {1-0 Kasparov - Masternak, Katowice 1993}) 8... b5 9. Qc2 Bb7 10. Bd2 {
1.19 Deze zet heeft zijn populariteit aan Sosonko te danken. Het idee is om
La5 te spelen als zwart zich verder ontwikkelt met Pbd7.} Bd6 {1.15 Deze zet
is pas recentelijk populair geworden. Avrukh merkt op dat Browne dit al in
1983 speelde, maar dat de zet ten onrechte in vergetelheid is geraakt. Mijn
kennis hield hier op.} ({De meest gespeelde zet is} 10... Be4 11. Qc1 {Avrukh
noemt dit de hoofdvariant onder de hoofdvarianten.}) (10... Ra7 {is ook door
veel topspelers gespeeld (o.a. Anand).}) 11. Rc1 {1.11 Dit wordt zelden
gespeeld.} ({Avrukh beveelt aan} 11. Ng5 {en merkt op dat andere zetten als
Te1, Td1 en Lg5 tot nu toe weinig opgeleverd hebben. Riks zet noemt hij niet.})
11... Be4 {1.05 Dit leek Rik minder goed omdat de dame toch wel naar c1 wil.
Ik weet het niet. In de variant met direct Le4 (i.p. v. Ld6) speelt wit vaak
de manoeuvre Dc2-b3-e3.} ({Een (beter?) alternatief is misschien} 11... Nbd7 {
bijv.} 12. Ba5 Qe7 13. a4 c5 14. axb5 axb5 15. Nc3 $13 {Ibrayev,N (2407)
-Vaibhav,S (2193) New Delhi 2009 (62.1-0)}) 12. Qd1 Qe7 13. Bf4 {1.01 Dit
blijkt een nieuwe zet te zijn.} ({De enige andere partij met deze stelling
ging verder met} 13. Bg5 Bb7 14. Nbd2 Nbd7 15. e4 e5 16. Nh4 Qe6 17. Nf5 $14 {
Stupak - Azarova, Minsk 2008 (81.1/2-1/2)}) 13... Nbd7 {1.02} 14. Nbd2 {58'}
Bd5 {1.00} 15. Ne5 {55'} Bxg2 {53'} 16. Kxg2 Bxe5 ({Een goed alternatief was} 
16... Nd5 17. Nc6 Nxf4+ 18. gxf4 Qe8 ({Moeilijk te zeggen of dit beter is dan} 
18... Qh4) ({of} 18... Qf6) 19. e3 Nb6 {en ik denk niet dat wit hier iets
heeft.}) 17. dxe5 {54'} ({Ik geef de voorkeur aan} 17. Bxe5 {bijv.} Nxe5 18.
dxe5 Nd5 19. Ne4 {en misschien heeft wit een klein plusje.}) 17... Nd5 {51'}
18. Ne4 {51'} h6 $1 {Een prima zet, die in eerste instantie door Rik en Jos
werd afgekeurd.} (18... c5 19. Bg5 f6 20. exf6 gxf6 21. Bh6 Rfd8 $13 {beviel
me niet zo, ofschoon de kansen gelijk zijn.}) (18... f5 19. exf6 Nxf4+ 20. gxf4
Nxf6 21. Qc2 {vond ik moeilijk te beoordelen. Rybka/Fritz viden het ongeveer
gelijk, maar wit staat iets minder gelijk.}) 19. Qd4 {47'} Rfd8 {44'} 20. Bd2 {
42'} N7b6 {43' Zwart staat iniddels iets beter.} 21. Qc5 $6 {36'} ({Beter was} 
21. Kg1 {Rybka geeft bijv.} Nc4 22. Bc3 (22. Rxc4 bxc4 23. Qxc4 Qd7 {wit heeft
geen volledige compensatie.}) 22... Rac8 23. b3 c5 24. Nf6+ gxf6 25. Qg4+ Kh7
26. exf6 Nxf6 27. Qf3 Nd2 28. Qxf6 Qxf6 29. Bxf6 Rd5 30. Bc3 $13) 21... Qd7 $2
{42' In een flits dacht ik dat dit nog beter was dan ruilen op c5. De zet
verpest echter alles.} ({Veel beter was het geplande} 21... Qxc5 $1 22. Nxc5 (
22. Rxc5 Nd7 {en pion e5 valt.}) 22... Nc4 $15 {en het is moeilijk voor wit
een goede zet te verzinnen die de boel bij elkaar houdt.}) 22. b3 $1 {31' Dit
kleine zetje was me even ontgaan. Ik besefte gelijk dat ik nu minder stond.}
Qe8 {29' Die 13' die ik hiervoor gebruikte, was voornamelijk om mezelf voor
mijn kop te slaan.} 23. f4 {22' Rik wil natuurlijk Pf2 en e4 spelen. Wat moet
ik daartegen doen?} a5 {20'} 24. Nf2 {16'} a4 {16'} 25. e4 {15'} axb3 26. axb3
Rxa1 27. Rxa1 Ne7 {14'} 28. Bb4 $16 {14'} Nc6 29. Bc3 {12'} b4 {11'} 30. Bb2 $2
{10'} (30. Be1 $16) (30. Bxb4 Nxb4 31. Qxb4 $16) 30... Ra8 $6 ({Ik had mijn
paard op c6 moeten handhaven met} 30... Nc8 31. Bc1 N8e7 {en het witte
voordeel blijft binnen de perken.}) 31. Rc1 Ra2 32. Rc2 {9'} Qd7 {8'} 33. Bc1
$6 {4'} (33. Kf3 $14) 33... Rxc2 34. Qxc2 Na5 {4'} (34... Nd4 35. Qd3 $14 {
wit vervolgt met Le3, waarna de zwarte pionnen zwak worden.}) 35. Be3 Qc6 {3'}
36. Qxc6 {2'} Nxc6 37. Nd3 Nd7 {2'} 38. Bc5 Nxc5 (38... Na5 $11 {was veiliger
geweest.}) 39. Nxc5 Na5 $6 (39... Kf8) 40. Kf3 (40. f5 $5) 40... Kf8 {Er is
een interessant paardeindspel ontstaan, waarin wit iets beter staat. Helaas
zitten we in de uitvluggerfase en wordt het een loterij.} 41. Ke2 Ke7 42. Kd3 {
11'} f6 $2 {8' Ingegeven door een vorm van schaakblindheid. Ik dacht dat ik
niet passief kon blijven omdat wit met zijn koning de b-pion dekt en dan met
zijn paard mijn pionnen ging aanvallen. Zwart houdt echter alles tegen met
zijn paard.} (42... Kd8 43. Kc2 Nc6 44. Na6 Kd7 45. Kd3 Na5 $11) 43. exf6+ {10'
} gxf6 44. Kd4 (44. e5 $5) 44... Kd6 45. e5+ {9'} fxe5+ 46. fxe5+ Ke7 $6 {
7' Ik dacht dat mijn koning niet naar de damevleugel kon omdat wit een
vrijpion op de koningsvleugel creëert.} ({Rybka/Fritz geven echter gelijkspel
na} 46... Kc6 $1 47. g4 Kb5 {Deze dreiging met paardwinst heb ik niet gezien.}
48. Nxe6 Nxb3+ 49. Kd5 c6+ 50. Kd6 Kb6 {De enige zet die remise maakt volgens
de computer. Nadere analyse zal moeten uitwijzen of dit oordeel klopt. Het zou
me niet verbazen als wit toch kan winnen.}) 47. Ke4 Kf7 48. Kf4 {8'} Ke7 {4'}
49. h4 Kf7 50. Kg4 $2 {verkeerd plan.} ({Het is de vraag of wit kan winnen met
} 50. g4 $16 {bijv.} Kg6 51. h5+ Kf7 52. g5 hxg5+ 53. Kxg5 Nc6 54. Kf4 (54. Nd3
Nd4 55. h6 Nxb3 56. Nxb4 Nd4 $11) 54... Na5 55. Ke3 Nc6 56. Ke4 Nd8 57. Nd3 Nb7
{Wit staat nog steeds beter, maar de tijd ontbreekt me om dit uit te
analyseren naar winst of remise.}) 50... Nc6 51. Kh5 Nxe5 52. Kxh6 Kf6 {
Nu is zwart buiten verliesgevaar dankzij zijn vrije e-pion. Ik heb echter
minder tijd dan Rik.} 53. Kh5 Kf5 54. Na6 Ng4 55. Nxc7 (55. Nxb4 Nf6+ 56. Kh6
Ne4 57. Na6 Nxg3 58. Nxc7 e5 $11) 55... Nf6+ 56. Kh6 e5 57. Na6 Nd5 58. Kg7 e4
59. Nc5 (59. h5 e3 60. Nc5 e2 61. Nd3 {is remise. Bijv.} Nc7 62. h6 Ne6+ 63.
Kg8 Ng5 64. h7 Nxh7 65. Kxh7 Kg4 66. Kg6 Kxg3 67. Kf5 Kf3 68. Ke5 Ke3 69. Nf4
e1=Q 70. Ng2+ Kd2+ 71. Nxe1 Kc3 $1 $11) 59... Nf6 60. Kf7 $2 ({Noodzakelijk was
} 60. Na6 Nd5 (60... Nh5+ {zal ook wel remise zijn. Maar het kan nog spannend
worden na bijv.} 61. Kf7 Nxg3 62. Nxb4 e3 63. Nc2 e2 64. b4 Ke4 65. b5 Kd3 66.
Ne1+ Kd2 67. Ng2 Nf5 68. b6 Ne3 69. b7 Nxg2 70. b8=Q e1=Q 71. Qb4+ Ke3 $1 72.
Qxe1+ Nxe1 73. h5 Nf3 74. h6 Ng5+ 75. Kf6 Kf4 $11) 61. h5 e3 62. Nc5 e2 63. Nd3
Nc7 64. h6 Ne6+ 65. Kg8 Ng5 {is ook remise.}) 60... Nh5 $2 (60... e3 $1 {
maakt minimaal remise.}) 61. Nxe4 {Ik geloof dat ik hier nog iets van 20" had
en Rik nog ruim een minuut. Ik zag na mijn laatste fout geen redding en liet
mijn vlag vallen. De stelling blijkt echter remise te zijn. Als ik dit in
varianten aantoon, lijkt het of de partij verder gaat. Dit laat ik dus maar
aan de lezer over. Zoals ik al zei, zo'n eindspel in de uitvluggerfase is een
loterij en ik win zelden wat met loterijen.} 1-0